000
00471nam a2200145Ia 4500
008
090122s9999 xx 000 0 und d
082
_b
7245
_a
891.4681
100
_a
कंटक
_b
मीरा
245
_a
कावळयाला लागली तहान
600
_a
कंटक
630
_a
कावळयाला लागली तहान
700
_a
कंटक
730
_a
कावळयाला लागली तहान
942
_c
BOOK
999
_c
31322
_d
31322